Statistics for Things by sound

Click here to take the quiz!

General Stats

  • This quiz has been taken 5 times
  • The average score is 8 of 15

Answer Stats

HintAnswer% Correct
Woof WoofCanis lupus familiaris
100%
tok tik tok tik tok tikClock
100%
Boing BoingSpring
100%
BEEEP BEEEP BEEEPAlarm
67%
"Hello, My name is David"David
67%
Bang Bang Bang BangHammer
67%
Ring Ring... Ring RingPhone
67%
BlubuluplblupbopblubleubBoiling Water
33%
fwufwufwufwufwufwufwufwufwufwufwufwufwufwufwufwufwufwufwufwuHelicopter
33%
tik tok tik tok tik tokMetronome
33%
mmmmmmmmmmmmmmmmmmmBeep Beep BeepMicrowave
33%
OO ooo ooaah aahhh AHHH OAAHHMonkey
33%
**Piano Sounds for 201 measures**Moonlight Sonata
33%
Please I am Trapped In here please help me will you help me out please helpNo
33%
Ni! Ni! Ni!The Knights who say Ni!
33%

Score Distribution

Percentile by Number Answered

Percent of People with Each Score

Your Score History

You have not taken this quiz